Statistics for Land-Locked Countries of Asia

Click here to take the quiz!

General Stats

  • This quiz has been taken 114 times
    (80 since last reset)
  • The average score is 11 of 12

Answer Stats

Countries% Correct
Mongolia
100%
Kazakhstan
98%
Nepal
98%
Afghanistan
96%
Bhutan
94%
Uzbekistan
94%
Tajikistan
94%
Kyrgyzstan
94%
Turkmenistan
92%
Armenia
88%
Laos
86%
Azerbaijan
80%

Score Distribution

Percentile by Number Answered

Percent of People with Each Score

Your Score History

You have not taken this quiz since the last reset